LDR 00969naa#a2200181#i#450# 001 RU\\bibl\121478 005 20260430101109.4 011 ## _a1994-4683 100 ## _a20230531b2023####ek#y0rusy0150####ca 102 ## _aRU 200 1# _aПРИЧИНЫ ВОЗНИКНОВЕНИЯ И ОСОБЕННОСТИ ПРОТЕКАНИЯ ЦЕННОСТНО-МОТИВАЦИОННЫХ КОНФЛИКТОВ У УЧИТЕЛЕЙ СРЕДНЕЙ ОБЩЕОБРАЗОВАТЕЛЬНОЙ ШКОЛЫ _eЖурнальная статья 210 1# _aМосква _cНациональный государственный Университет физической культуры, спорта и здоровья им. П.Ф. Лесгафта _d2023 215 ## _a6 с. 608 ## _aЖурнальная статья _2local 675 ## _aПедагогическая психология. 37.015.3 _z 700 #1 _aХлебников _gА С 700 #1 _aСмирнова _gА Е 856 4# _auchzapiski.lesgaft.spb.ru _u